Knowledge and the Sacred (Record no. 347670)

000 -LEADER
fixed length control field 00336 a2200133 4500
082 ## - DEWEY DECIMAL CLASSIFICATION NUMBER
Classification number 297.122
090 ## - LOCALLY ASSIGNED LC-TYPE CALL NUMBER (OCLC); LOCAL CALL NUMBER (RLIN)
-- 5255
-- 5255
100 ## - MAIN ENTRY--PERSONAL NAME
Personal name Nasr,Seyyed Hossein
245 ## - TITLE STATEMENT
Title Knowledge and the Sacred
Statement of responsibility, etc. Seyyed Hossein Nasr
260 ## - PUBLICATION, DISTRIBUTION, ETC.
Place of publication, distribution, etc. Lahore
Name of publisher, distributor, etc. Suhail Academy
Date of publication, distribution, etc. 1988
300 ## - PHYSICAL DESCRIPTION
Extent 341p
500 ## - GENERAL NOTE
General note Hard Cover
942 ## - ADDED ENTRY ELEMENTS (KOHA)
Institution code [OBSOLETE] NBS
Koha item type Book
Call number prefix 297.122 NAS
Holdings
Withdrawn status Lost status Damaged status Not for loan Permanent Location Current Location Shelving location Date acquired Total Checkouts Full call number Barcode Date last seen Price effective from Koha item type
        Central Library (CL) Central Library (CL) First Floor - Islam 08/28/2013   297.122 NAS NBS2021 08/28/2013 08/28/2013 Book
© 2023 Central Library, National University of Sciences and Technology. All Rights Reserved.